Champions League - The Finals - Statistics

General Stats
  • This quiz has been taken 9 times
  • The average score is 30 of 42
Answer Stats
Club % Correct
Logo_AFC_Ajax_%281928-1991%2C_2025-%29.png Ajax
100%
1280px-FC_Bayern_M%C3%BCnchen_logo_%282017%29.svg.png Bayern Munich
100%
langfr-960px-Aston_Villa_FC_2024.svg.png Aston Villa
100%
500px-Logo_Chelsea.svg.png Chelsea
100%
langfr-500px-Logo_Tottenham_Hotspur_Football_Club_2024.svg.png Tottenham Hotspur
100%
960px-Paris_Saint-Germain_Logo.svg.png Paris Saint-Germain
100%
3840px-Logo_Manchester_City_2016.svg.png Manchester City
100%
langfr-960px-Logo_Juventus_FC_2020.svg.png Juventus
100%
1920px-Logo_Real_Madrid.svg.png Real Madrid
100%
langfr-960px-Logo_Liverpool_FC_2012.svg.png Liverpool
100%
3840px-Borussia_Dortmund_logo.svg.png Borussia Dortmund
88%
langfr-960px-AS_Roma_Logo_2017.svg.png Roma
88%
langfr-1920px-Logo_Hambourg_SV.svg.png Hamburger SV
88%
langfr-960px-Logo_Arsenal_FC_2002.svg.png Arsenal
88%
1920px-Logo_FC_Porto.svg.png Porto
88%
1280px-Logo_FC_Barcelona.svg.png?utm_source=fr.wikipedia.org&utm_campaign=index&utm_content=thumbnail Barcelona
88%
1280px-Logo_PSV_Eindhoven_2024.svg.png PSV Eindhoven
88%
1280px-Logo_Manchester_United.svg.png?utm_source=fr.wikipedia.org&utm_campaign=index&utm_content=thumbnail Manchester United
88%
330px-AC_Milan.png Milan
75%
langfr-1280px-Logo_Olympique_Marseille_-_2026.svg.png Marseille
75%
1920px-Logo_Valencia_CF_2019.svg.png?utm_source=fr.wikipedia.org&utm_campaign=index&utm_content=thumbnail Valencia
75%
langfr-960px-Logo_AS_Monaco_FC_2021.svg.png Monaco
75%
langfr-960px-Logo_Nottingham_Forest_FC.svg.png Nottingham Forest
75%
960px-Logo_Celtic_FC_2025.svg.png Celtic
75%
1280px-SL_Benfica_logo.svg.png Benfica
75%
langfr-960px-Logo_ATM_2024.svg.png Atlético Madrid
75%
Logo_Sportclub_Feyenoord.png Feyenoord
63%
3840px-FC_Internazionale_Milano_2021.svg.png Internazionale
63%
langfr-1920px-Bayer_04_Leverkusen_%28logo%29.svg.png Bayer Leverkusen
63%
langfr-1280px-Logo_ACF_Fiorentina_2022.svg.png Fiorentina
63%
1920px-Borussia_M%C3%B6nchengladbach_logo.svg.png Borussia Mönchengladbach
50%
Steaua_Bucarest.png Steaua București
50%
1920px-Logo_%C3%89toile_rouge_de_Belgrade_2024.svg.png Red Star Belgrade
50%
langfr-960px-Logo_Leeds_United_FC.svg.png Leeds United
50%
langfr-960px-Logo_Malm%C3%B6_FF_2000.svg.png Malmö FF
38%
langfr-960px-AS_Saint-Etienne-logo_2022.svg.png Saint-Étienne
38%
langfr-1280px-Logo_Eintracht_Francfort.svg.png Eintracht Frankfurt
38%
langfr-1280px-FK_Partizan_logo.svg.png Partizan
38%
langfr-1280px-Panathinaikos_F.C._logo.svg.png Panathinaikos
25%
langfr-960px-Logo_Stade_de_Reims_2020_%28Alternatif%29.svg.png Reims
25%
langfr-960px-Logo_Club_Brugge_KV_2024.svg.png Club Brugge
25%
langfr-960px-Logo_UC_Sampdoria_1997.svg.png Sampdoria
13%
No matching quizzes found
Score Distribution
Percent of People with Each Score
Percentile by Number Answered
Your Score History
You have not taken this quiz